| Tag |
First Indicator |
Second Indicator |
Subfields |
| LEADER |
00000cam a2200000 4500 |
| 001 |
in00003821189 |
| 005 |
20190415190129.0 |
| 006 |
m o d |
| 007 |
cr |n||||||||n |
| 008 |
900123s1716 stk|||| o 00||||eng c |
| 035 |
|
|
|a (CU-RivES)T198151
|
| 035 |
|
|
|a (Uk-ES)006292729
|
| 035 |
|
|
|a (OCoLC)509646970
|
| 040 |
|
|
|a Uk-ES
|c Uk-ES
|d CU-RivES
|d CStRLIN
|d Cengage Gale
|d UtOrBLW
|
| 100 |
1 |
|
|a Dalrymple, David,
|c Sir,
|d approximately 1665-1721.
|0 http://id.loc.gov/authorities/names/n88145452
|
| 245 |
1 |
0 |
|a [Unto the Right Honourable, the Lords of Council and Session,] the petition of Sir David Dalrymple of Hails, His Majesty's advocate, and Sir James Stewart of Good-trees, His Majesty's sollicitor.
|
| 264 |
|
1 |
|a [Edinburgh] :
|b [publisher not identified],
|c [1716]
|
| 300 |
|
|
|a 1 online resource (4 unnumbered pages)
|
| 336 |
|
|
|a text
|b txt
|2 rdacontent
|
| 337 |
|
|
|a computer
|b c
|2 rdamedia
|
| 338 |
|
|
|a online resource
|b cr
|2 rdacarrier
|
| 500 |
|
|
|a Dated at head of drop-head title: December 5th 1716.
|
| 500 |
|
|
|a Concerning the administration of forfeited estates.
|
| 510 |
4 |
|
|a English Short Title Catalog,
|c T198151.
|
| 500 |
|
|
|a Reproduction of original from National Library of Scotland.
|
| 500 |
|
|
|a Electronic resource.
|
| 600 |
1 |
0 |
|a Steuart, James,
|d 1676-1752
|x Trials, litigation, etc.
|v Early works to 1800.
|
| 650 |
|
0 |
|a Rent
|z Scotland
|z Edinburgh
|v Early works to 1800.
|
| 650 |
|
0 |
|a Debtor and creditor
|z Scotland
|z Edinburgh
|v Early works to 1800.
|
| 655 |
|
7 |
|a Electronic books.
|2 local
|
| 655 |
|
7 |
|a Petitions.
|2 rbgenr
|
| 700 |
1 |
|
|a Steuart, James,
|c Sir,
|d 1681-1727.
|0 http://id.loc.gov/authorities/names/n88085091
|
| 710 |
2 |
|
|a Gale (Firm)
|0 http://id.loc.gov/authorities/names/no2008071348
|
| 752 |
|
|
|a Great Britain
|b Scotland
|d Edinburgh.
|
| 856 |
4 |
0 |
|u http://proxy.library.tamu.edu/login?url=http://find.galegroup.com/ecco/infomark.do?contentSet=ECCOArticles&docType=ECCOArticles&bookId=1550302800&type=getFullCitation&tabID=T001&prodId=ECCO&docLevel=TEXT_GRAPHICS&version=1.0&source=library&userGroupName=txshracd2898
|z Connect to the full text of this electronic book
|t 0
|
| 999 |
f |
f |
|s d1c613d6-ca6f-3b4a-9ff4-8d06fdcc0c9c
|i a3185ce5-3a28-3d5a-b268-27ac704e2f8c
|t 0
|
| 952 |
f |
f |
|a Texas A&M University
|b College Station
|c Electronic Resources
|d Available Online
|t 0
|h No information provided
|
| 998 |
f |
f |
|t 0
|l Available Online
|